| 000 | 00332nam a22001217a 4500 | ||
|---|---|---|---|
| 008 | 171006b xxu||||| |||| 00| 0 eng d | ||
| 041 | _aeng | ||
| 080 | _a159.9 | ||
| 100 | _a49 | ||
| 101 | _aPSI | ||
| 245 |
_aDEALING WITH DIFFERENCES AN INTRODUCTION TO THE SOCIAL PSYCHOLOGY OF PREJDICE _cSAMPSON.E.E |
||
| 942 |
_2udc _cBK |
||
| 999 |
_c32396 _d32396 |
||